V hlavnej role - Čína

Bibliographic Details
Main Author: Vacková, Martina (Author)
Format: Article
Language:Slovak
ISSN:1335-6976
Subjects:

MARC

LEADER 00000nab a2200000 a 4500
001 vtls000791416
003 SK-MaSNL
005 20260302160047.0
008 140507c2002 xo 0 slo
015 |a SNBRB2002/04-13849 
035 |a CLN000143071 
040 |a SNKBUCL  |b slo  |c SNKBUCL  |e AACR2 
041 0 |a slo 
044 |a xo  |c SK 
080 |a 791.43(510)  |2 1997 
100 1 |a Vacková, Martina  |4 aut  |9 350397 
245 1 0 |a V hlavnej role - Čína  |c Martina Vacková 
650 0 7 |a film čínsky  |y stor. 20., koniec  |2 snkbucl  |9 855555 
655 7 |a články z novín a časopisov  |2 snkbucl  |9 267496 
773 0 |t Kultúrny život  |g Roč. 3, č. 10 (2002), s. 5  |x 1335-6976 
850 |a Slovenská národná knižnica v Martine 
852 |a SNK  |b KIS3GCP 
958 |a CN 
992 |a RBX 
999 |c 1373392  |d 1375322